Sinh lí học; T1
Spremljeno u:
| Autor kompanije: | |
|---|---|
| Format: | Knjiga |
| Jezik: | Undetermined |
| Izdano: |
Hà Nội
Y học
2000
|
| Teme: | |
| Oznake: |
Dodaj oznaku
Bez oznaka, Budi prvi tko označuje ovaj zapis!
|
| Thư viện lưu trữ: | Trung tâm Học liệu Trường Đại học Cần Thơ |
|---|
| LEADER | 00618nam a2200193Ia 4500 | ||
|---|---|---|---|
| 001 | CTU_39406 | ||
| 008 | 210402s9999 xx 000 0 und d | ||
| 020 | |b 32.500đ | ||
| 082 | |a 612.01 | ||
| 082 | |b B450/T1 | ||
| 110 | |a Bộ môn Sinh lí học. Trường Đại học Y Hà Nội | ||
| 245 | 0 | |a Sinh lí học; T1 | |
| 245 | 0 | |c Bộ môn Sinh lí học. Trường Đại học Y Hà Nội | |
| 260 | |a Hà Nội | ||
| 260 | |b Y học | ||
| 260 | |c 2000 | ||
| 650 | |a physiology | ||
| 904 | |i Nguyễn Quang Điền, 001115 | ||
| 980 | |a Trung tâm Học liệu Trường Đại học Cần Thơ | ||